00497nam a2200145 a 450000500170000000800410001702000180005805000170007610000200009324500360011326000590014965000180020899900190022695201060024520140412111348.0051109s19uu xx 00 eng d a0-8431-2765-1 aERbOh1 1989 aPienkowski, Jan aOh my a fly! /cJan Pienkowski. aCalifornia :bIntervisual communications , inc,c1989. aRhyming words c105256d105256 001040aELbELcERd2005-11-09eDonationl0oER Oh1 1989pE9758r2014-04-12 00:00:00w2014-04-12yBK